प्रेमाश्रम (Record no. 5243)

MARC details
000 -LEADER
fixed length control field 01251 a2200265 4500
005 - DATE AND TIME OF LATEST TRANSACTION
control field 2008090907097.0
008 - FIXED-LENGTH DATA ELEMENTS--GENERAL INFORMATION
fixed length control field 080909t xxu||||| |||| 00| 0 hin d
010 ## - LIBRARY OF CONGRESS CONTROL NUMBER
LC control number HIN-80213
020 ## - INTERNATIONAL STANDARD BOOK NUMBER
International Standard Book Number 8190220152
Terms of availability 550.00
035 ## - SYSTEM CONTROL NUMBER
System control number HN-52559
037 ## - SOURCE OF ACQUISITION
Source of stock number/acquisition D.B.Act / pub
082 ## - DEWEY DECIMAL CLASSIFICATION NUMBER
Classification number
100 ## - MAIN ENTRY--PERSONAL NAME
Personal name प्रेमचन्द
245 ## - TITLE STATEMENT
Title प्रेमाश्रम
Statement of responsibility, etc प्रेमचन्द
246 ## - VARYING FORM OF TITLE
Title proper/short title Premashram
Remainder of title by Premchand
260 ## - PUBLICATION, DISTRIBUTION, ETC. (IMPRINT)
Place of publication, distribution, etc दिल्ली
Name of publisher, distributor, etc विशाल पुस्तक भंडार
Date of publication, distribution, etc 2006
270 ## - ADDRESS
Address एफ-14/28, मॉडल टाउन सेकेण्ड
City दिल्ली
State or province 110009
300 ## - PHYSICAL DESCRIPTION
Extent 416पृ
Dimensions 22 सेमी(सजिल्द)
490 ## - SERIES STATEMENT
Series statement (प्रेमचन्द संग्रह-12)
500 ## - GENERAL NOTE
General note इस शीर्षक की पुस्तक वाणी प्रकाशन से 2002 मे आई हुई है
650 ## - SUBJECT ADDED ENTRY--TOPICAL TERM
Topical term or geographic name as entry element हिन्दी उपन्यास
650 ## - SUBJECT ADDED ENTRY--TOPICAL TERM
Topical term or geographic name as entry element Hindi Novel
942 ## - ADDED ENTRY ELEMENTS (KOHA)
Institution code [OBSOLETE] dpl
Koha item type Hindi Books
Call number prefix उ / प्रेमच
Source of classification or shelving scheme Dewey Decimal Classification
Classification part
Call number suffix प्रेमच
Suppress in OPAC
Holdings
Withdrawn status Lost status Damaged status Not for loan Home library Current library Date acquired Cost, normal purchase price Total Checkouts Full call number Barcode Date last seen Copy number Uniform Resource Identifier Cost, replacement price Price effective from Koha item type
        D.B.Act.Division D.B.Act.Division 09/09/2008 550.00   उ प्रेमच HN-52559 15/09/2008 1 5580 550.00 15/09/2008 Hindi Books

© Delhi Public Library
Hit Counter
free hit counter